Hosea-Jonah / (Record no. 25047)

MARC details
000 -LEADER
fixed length control field 01001nam a2200301Ia 4500
001 - CONTROL NUMBER
control field 17338368
003 - CONTROL NUMBER IDENTIFIER
control field AUA.1
005 - DATE AND TIME OF LATEST TRANSACTION
control field 20250919111651.0
008 - FIXED-LENGTH DATA ELEMENTS--GENERAL INFORMATION
fixed length control field 250326s1987 txu b 001 0 eng d
020 ## - INTERNATIONAL STANDARD BOOK NUMBER
International Standard Book Number 0849902304
040 ## - CATALOGING SOURCE
Original cataloging agency TDL
Transcribing agency TDL
Modifying agency EXN
049 ## - LOCAL HOLDINGS (OCLC)
Holding library EXNs [496456]
Copy statement 1
050 ## - LIBRARY OF CONGRESS CALL NUMBER
Classification number BS491.2
Item number .W67 1987
Classification number BS1560
092 ## - LOCALLY ASSIGNED DEWEY CALL NUMBER (OCLC)
Classification number 224.6
Item number St9h
100 1# - MAIN ENTRY--PERSONAL NAME
Personal name Stuart, Douglas K.
9 (RLIN) 44875
245 00 - TITLE STATEMENT
Title Hosea-Jonah /
Statement of responsibility, etc Douglas Stuart.
260 ## - PUBLICATION, DISTRIBUTION, ETC. (IMPRINT)
Place of publication, distribution, etc Waco, Tex. :
Name of publisher, distributor, etc Word Books,
Date of publication, distribution, etc c1987.
300 ## - PHYSICAL DESCRIPTION
Extent xlv, 537 p. ;
Dimensions 24 cm.
490 1# - SERIES STATEMENT
Series statement Word Biblical commentary ;
Volume number/sequential designation v. 31.
500 ## - GENERAL NOTE
General note Includes bibliographies and indexes.
630 00 - SUBJECT ADDED ENTRY--UNIFORM TITLE
Uniform title Bible.
Name of part/section of a work Hosea
General subdivision Commentaries.
9 (RLIN) 44876
630 00 - SUBJECT ADDED ENTRY--UNIFORM TITLE
Uniform title Bible.
Name of part/section of a work Joel
General subdivision Commentaries.
9 (RLIN) 44877
630 00 - SUBJECT ADDED ENTRY--UNIFORM TITLE
Uniform title Bible.
Name of part/section of a work Amos
General subdivision Commentaries.
9 (RLIN) 44878
630 00 - SUBJECT ADDED ENTRY--UNIFORM TITLE
Uniform title Bible.
Name of part/section of a work Obadiah
General subdivision Commentaries.
9 (RLIN) 44879
630 00 - SUBJECT ADDED ENTRY--UNIFORM TITLE
Uniform title Bible.
Name of part/section of a work Jonah
General subdivision Commentaries.
9 (RLIN) 44880
830 #0 - SERIES ADDED ENTRY--UNIFORM TITLE
Uniform title Word Biblical commentary ;
Volume number/sequential designation v.31.
9 (RLIN) 44881
942 ## - ADDED ENTRY ELEMENTS (KOHA)
Source of classification or shelving scheme Library of Congress Classification
Koha item type Reference Book
Classification part BS 491.2
Item part .W67 1987
Holdings
Withdrawn status Lost status Source of classification or shelving scheme Damaged status Not for loan Collection code Home library Current library Shelving location Date acquired Source of acquisition Cost, normal purchase price Serial Enumeration / chronology Total Checkouts Full call number Barcode Date last seen Date checked out Copy number Cost, replacement price Price effective from Koha item type
    Library of Congress Classification     Reference Shelves Judith Thomas Library Judith Thomas Library Reference Books 20/12/2011 Donation, Biblical Research Institute 25.00 AUA006109 1 BS 491.2 .W67 1987 AUA006109 14/02/2024 14/02/2024 v.31 25.00 20/12/2011 Reference Book